| 000 | 00630nam a22001817a 4500 | ||
|---|---|---|---|
| 999 |
_c183852 _d183852 |
||
| 005 | 20220106120135.0 | ||
| 010 | _aENG-130972 | ||
| 020 |
_a978-93-891-52-432 _c599.00 |
||
| 035 | _aEN-114504 | ||
| 037 | _bDBAD | ||
| 082 | _a355.00954 | ||
| 100 | _aPanag, H.S. | ||
| 245 |
_aThe Indian Army: _cH.S. Panag _bReminiscences, Reforms & Romance/ |
||
| 260 |
_aChennai _bWestland Publications Private LImited _c2020 |
||
| 270 |
_bChennai _e600096 _a1st Floor, A Block, East Wing, Plot No. 40, SP infocity, Dr. MGR Salai, Perungundi, Kandanchavadi |
||
| 300 |
_a272p. _c24cm(hbk) |
||
| 942 |
_2ddc _cEN _h355.00954 _mPAN |
||